| 000 | 00575nam a2200181Ia 4500 | ||
|---|---|---|---|
| 008 | 140626s9999 xx 000 0 und d | ||
| 100 | _aDurkin, Kevin. | ||
| 245 |
_aSchool-age prework experiences of young people with a history of specific language impairment / _cKevin Durkin ... [et al.]. |
||
| 260 | _cc2011. | ||
| 300 | _a45 : 4, page 242 | ||
| 440 | _aJournal of Special Education | ||
| 521 | _aSPED | ||
| 650 | _aEarly employment. | ||
| 650 | _aSpecific language impairment. | ||
| 650 | _aVocational development. | ||
| 650 | _aWork experience. | ||
| 942 | _cSE | ||
| 999 |
_c120977 _d120977 |
||